Arquitectura de los coros de monjas en México /

Investigación sobre los coros de los templos conventuales del Virreinato. El estudio aborda tanto la dimensión arquitectónica del espacio, como su relación con las condiciones de vida de las enclaustradas.

Uloženo v:
Podrobná bibliografie
Hlavní autor: Maza Cuadra, Francisco de la (autor)
Médium: Kniha
Jazyk:španělština
Vydáno: México : UNAM, Instituto de Investigaciones Estéticas, 1973, c1973
Vydání:2a edición
Edice:(Estudios y Fuentes del Arte en México ; 6)
Témata:
Tagy: Přidat tag
Žádné tagy, Buďte první, kdo vytvoří štítek k tomuto záznamu!

MARC

LEADER 00000nam^a2200000^a^4500
001 000125416
005 20250521000000.0
009 20260310094650.342
037 |a Acervo ITESO - Biblioteca 
041 |a ESP 
082 |a 720. 97203  |b MAZ 
100 |a Maza Cuadra, Francisco de la  |e (autor) 
245 1 0 |a Arquitectura de los coros de monjas en México /  |c F. de la Maza Cuadra. 
250 |a 2a edición  |b corregida y aumentada 
264 4 |a México :  |b UNAM, Instituto de Investigaciones Estéticas,  |c 1973, c1973 
300 |a 126 p. 
336 |a texto  |b txt  |2 rdacontenido 
337 |a sin mediación  |b n  |2 rdamedio 
338 |a volumen  |b nc  |2 rdasoporte 
440 1 |a (Estudios y Fuentes del Arte en México ;  |v 6) 
520 |a Investigación sobre los coros de los templos conventuales del Virreinato. El estudio aborda tanto la dimensión arquitectónica del espacio, como su relación con las condiciones de vida de las enclaustradas. 
649 |a XX 
650 |a Monasticismo y Ordenes Religiosas para Mujeres -  |z México -  |x Historia -  |y Epoca Colonial, 1517-1821 -  |x Tema Principal 
650 |a Iglesia Católica en México -  |x Historia -  |y Epoca Colonial, 1517-1821 
650 |a Coro (Arquitectura) -  |z México -  |x Tema Principal 
650 |a Conventos y Monasterios -  |z México -  |x Historia -  |y Epoca Colonial, 1517-1821 -  |x Tema Principal 
650 |a Templos Cristianos -  |z México -  |x Historia -  |y Epoca Colonial, 1517-1821 
650 |a Arquitectura Religiosa -  |x Historia y Crítica 
650 |a Arquitectura Barroca -  |x Historia y Crítica 
650 |a Arquitectura Virreinal -  |x Historia y Crítica 
650 |a Arquitectura Mexicana -  |x Historia y Crítica 
650 |a Arte Religioso -  |x Historia y Crítica 
650 |a Arte Barroco -  |x Historia y Crítica 
650 |a Arte Virreinal -  |x Historia y Crítica 
650 |a Arte Mexicano -  |x Historia y Crítica 
650 |a México -  |x Descripción 
650 |a México -  |x Historia -  |y Virreinato, 1535-1821 
650 |a México -  |x Historia -  |y Epoca Colonial, 1517-1821 
910 |a Fondo Salvador Reynoso Reynoso 
920 |a Impresos - Libros 
930 |a Fondos Especiales 
905 |a 112 
901 |a 0800008155  |b IT2  |c ESP  |u 20250521 
902 |a https://opac.biblio.iteso.mx/vufind/Record/000125416